000
00375nam a22001577a 4500
003
MPLRDC
005
20220104143134.0
008
210129b ||||| |||| 00| 0 eng d
082
_a
857.9 WLS-189 v.1
100
_a
卧龙生
245
_a
妙绝天香. 一
_c
260
_a
_b
大山出版社
_c
300
_b
平
650
_a
武侠小说
942
_c
BK
_o
857.9 WLS-189 v.1
999
_c
36997
_d
36987